| Tag |
First Indicator |
Second Indicator |
Subfields |
| LEADER |
00000cam a2200000 4500 |
| 001 |
in00000037983 |
| 005 |
20151007080743.0 |
| 008 |
720814s1965 eng u |
| 010 |
|
|
|a 65018979
|
| 035 |
|
|
|a (OCoLC)00381480
|
| 035 |
|
|
|9 AAF5321AM
|
| 040 |
|
|
|c OSU
|d TXA
|d UtOrBLW
|
| 049 |
|
|
|a TXAM
|c [473562]
|
| 050 |
|
0 |
|a F3799.N4
|b W5
|
| 092 |
|
|
|a 301.44
|b W624c
|
| 100 |
1 |
|
|a Whitten, Norman E.,
|c Jr.
|q (Norman Earl),
|d 1937-
|
| 245 |
1 |
0 |
|a Class, kinship, and power in an Ecuadorian town; the Negroes of San Lorenzo /
|c [by] Norman E. Whitten, Jr.
|
| 264 |
|
1 |
|a Stanford, Calif. :
|b Stanford University Press,
|c 1965.
|
| 300 |
|
|
|a viii, 238 pages :
|b illustrations, maps. ;
|c 24 cm.
|
| 336 |
|
|
|a text
|b txt
|2 rdacontent
|
| 337 |
|
|
|a unmediated
|b n
|2 rdamedia
|
| 338 |
|
|
|a volume
|b nc
|2 rdacarrier
|
| 500 |
|
|
|a Based on thesis, University of North Carolina.
|
| 504 |
|
|
|a Bibliography: pages [222]-231.
|
| 650 |
|
0 |
|a Blacks
|z Ecuador (Esmeraldas)
|z San Lorenzo.
|
| 999 |
|
|
|a MARS
|
| 999 |
f |
f |
|s e8045c97-ef44-37a0-be4a-6054def2087d
|i 47d6c064-c184-3d29-b569-7dc4e42a302b
|t 0
|
| 952 |
f |
f |
|p normal
|a Texas A&M University
|b College Station
|c Sterling C. Evans Library
|d Evans: Library Stacks
|t 0
|e F3799.N4 W5
|h Library of Congress classification
|i unmediated -- volume
|m A14800643156
|
| 998 |
f |
f |
|a F3799.N4 W5
|t 0
|l Evans: Library Stacks
|